OECD Reviews of Health Systems:Colombia 2016
Ebook from OECD
Bewaard in:
| Andere auteurs: | |
|---|---|
| Formaat: | Boek |
| Taal: | Undetermined |
| Gepubliceerd in: |
OECD
2015
|
| Onderwerpen: | |
| Online toegang: | http://lrc.tdmu.edu.vn/opac/search/detail.asp?aID=2&ID=40270 |
| Tags: |
Voeg label toe
Geen labels, Wees de eerste die dit record labelt!
|
| Thư viện lưu trữ: | Trung tâm Học liệu Trường Đại học Thủ Dầu Một |
|---|
| LEADER | 00608nam a2200181Ia 4500 | ||
|---|---|---|---|
| 001 | TDMU_40270 | ||
| 008 | 210410s9999 xx 000 0 und d | ||
| 082 | |a 307.72 | ||
| 245 | 0 | |a OECD Reviews of Health Systems:Colombia 2016 | |
| 245 | 0 | |c OECD | |
| 260 | |b OECD | ||
| 260 | |c 2015 | ||
| 300 | |a 128tr | ||
| 520 | |a Ebook from OECD | ||
| 650 | |a Health System |z Colombia; Health System |x OECD Reviews |z Colombia; Hệ thống y tế |z Colombia | ||
| 700 | |a OECD | ||
| 856 | |u http://lrc.tdmu.edu.vn/opac/search/detail.asp?aID=2&ID=40270 | ||
| 980 | |a Trung tâm Học liệu Trường Đại học Thủ Dầu Một | ||